00221nam a2200097Ia 4500008004100000100002300041245002600064260000900090942000700099999001700106190216s9999||||xx |||||||||||||| ||und|| aCalicut University 0aPadya Gadya Samaharam bNull cBK c27613d27613